Economie et finance internationales / (Registro nro. 12097)
[ vista simple ]
| 000 -LEADER | |
|---|---|
| fixed length control field | 01715cam a2200325 a 4500 |
| 003 - CONTROL NUMBER IDENTIFIER | |
| control field | OSt |
| 005 - DATE AND TIME OF LATEST TRANSACTION | |
| control field | 20210803165353.0 |
| 008 - FIXED-LENGTH DATA ELEMENTS--GENERAL INFORMATION | |
| fixed length control field | 831129s1982 fr a b 000 0 fre |
| 010 ## - LIBRARY OF CONGRESS CONTROL NUMBER | |
| LC control number | 82172958 |
| 020 ## - INTERNATIONAL STANDARD BOOK NUMBER | |
| International Standard Book Number | 2040108882 |
| 040 ## - CATALOGING SOURCE | |
| Original cataloging agency | DLC |
| Transcribing agency | CO-JMCR |
| 043 ## - GEOGRAPHIC AREA CODE | |
| Geographic area code | e-po--- |
| 082 04 - DEWEY DECIMAL CLASSIFICATION NUMBER | |
| Classification number | 337 / |
| Item number | R361e |
| Edition number | 23 |
| 100 1# - MAIN ENTRY--PERSONAL NAME | |
| Personal name | Reiffers, J.L., |
| Relator term | autor |
| 9 (RLIN) | 39033 |
| 245 10 - TITLE STATEMENT | |
| Title | Economie et finance internationales / |
| Statement of responsibility, etc. | 23 spécialistes réunis par J.L. Reiffers ; M. Aglietta, |
| 260 ## - PUBLICATION, DISTRIBUTION, ETC. | |
| Place of publication, distribution, etc. | Paris : |
| Name of publisher, distributor, etc. | Dunod, |
| Date of publication, distribution, etc. | 1982. |
| 300 ## - PHYSICAL DESCRIPTION | |
| Extent | 449 páginas : |
| Other physical details | ilustraciones y gráficas en blanco y negro ; |
| Dimensions | 24 cm. |
| 490 1# - SERIES STATEMENT | |
| Series statement | Sciences économiques |
| 504 ## - BIBLIOGRAPHY, ETC. NOTE | |
| Bibliography, etc. note | Includes bibliographies. |
| 505 0# - FORMATTED CONTENTS NOTE | |
| Formatted contents note | Recherche de compétitivité ou protectionnisme national ?. -- La structuration du système mondial. -- Facteurs non économiques et analyse de la D.I.T.. -- Mouvements internationaux de capitaux, taux de change et adaptations n nationales. -- La simulation de la croissance en économie ouverte. |
| 520 0# - SUMMARY, ETC. | |
| Summary, etc. | Présentant des problématiques différentes et même sou vent antagonistes, le panorama réalisé dépasse les expo sés traditionnels sur la base desquels sont bâtis la plupart des manuels existants: l'ouvrage couvre l'ensemble du champ de la discipline et montre clairement l'évolution de la pensée économique face à l'émergence d'une économie mondiale". |
| 650 14 - SUBJECT ADDED ENTRY--TOPICAL TERM | |
| Topical term or geographic name entry element | International economic relations. |
| 9 (RLIN) | 37621 |
| 650 24 - SUBJECT ADDED ENTRY--TOPICAL TERM | |
| Topical term or geographic name entry element | Free trade. |
| 9 (RLIN) | 39034 |
| 650 24 - SUBJECT ADDED ENTRY--TOPICAL TERM | |
| Topical term or geographic name entry element | Protectionism. |
| 9 (RLIN) | 39035 |
| 650 24 - SUBJECT ADDED ENTRY--TOPICAL TERM | |
| Topical term or geographic name entry element | International finance. |
| 9 (RLIN) | 38502 |
| 700 1# - ADDED ENTRY--PERSONAL NAME | |
| Personal name | Reiffers, Jean-Louis. |
| Relator term | autor |
| 9 (RLIN) | 39036 |
| 700 1# - ADDED ENTRY--PERSONAL NAME | |
| Personal name | Aglietta, Michel. |
| Relator term | autor |
| 9 (RLIN) | 5279 |
| 830 #0 - SERIES ADDED ENTRY--UNIFORM TITLE | |
| Uniform title | Sciences économiques (Dunod (Firm)) |
| 9 (RLIN) | 39037 |
| 942 ## - ADDED ENTRY ELEMENTS (KOHA) | |
| Source of classification or shelving scheme | Dewey Decimal Classification |
| Koha item type | Books |
| Withdrawn status | Lost status | Source of classification or shelving scheme | Damaged status | Not for loan | Home library | Current library | Shelving location | Date acquired | Source of acquisition | Full call number | Barcode | Date last seen | Copy number | Price effective from | Koha item type |
|---|---|---|---|---|---|---|---|---|---|---|---|---|---|---|---|
| Dewey Decimal Classification | Biblioteca Pública José María del Castillo y Rada | Biblioteca Pública José María del Castillo y Rada | General Stacks | 04/15/2018 | Donación | 337 / R361e | 430002452 | 05/16/2024 | Ej.1 | 03/10/2021 | Books |